000 01121nam a2200313 i 4500
003 EG-GICUC
005 20260121101332.0
008 251123s2004 ua |||fr|||| 000 0 ara d
017 _a2004/19514
020 _a9770446157
040 _a EG-GICUC
_bara
_c EG-GICUC
_d EG-GICUC
_erda
041 0 _aara
082 0 4 _221
_a351
_bه ش . إ
092 0 4 _221
099 _aLaw1 09 351 ه ش . إ 2004
100 1 _aهشام عبد المنعم عكاشة
_eمؤلف.
245 1 2 _aالإدارة الالكترونية للمرافق العامة :
_bدراسة مقارنة /
_cهشام عبد المنعم عكاشة.
264 1 _aالقاهرة :
_bدار النهضة العربية،
_c2004.
300 _a167 صفحة ؛
_c24 سم.
336 _2rda content
_atext
337 _2rda media
_aComputer
338 _2rda carrier
_aOnline Resource
504 _aيشتمل على إرجاعات ببليوجرافية.
650 1 4 _aالإدارة الإلكترونية
_2qrmak
651 1 _2qrmak
856 4 0 _uhttps://fll.law.cu.edu.eg/fulltext/bks/B09-00904.pdf
905 _a78
942 _2ddc
_cBK
_e21
_n0
999 _c45322
_d45322